|
|
|
|
| LEADER |
02999nam a2200373 a 4500 |
| 001 |
13824 |
| 003 |
BD-DhAAL |
| 005 |
20250714123442.0 |
| 008 |
091019r20081968njua b 001 0 eng d |
| 010 |
|
|
|a 68016319
|
| 020 |
|
|
|a 9788120300545
|
| 040 |
|
|
|a DLC
|c DLC
|d DLC
|d BD-DhAAL
|
| 082 |
0 |
0 |
|a 621.3
|2 22
|
| 100 |
1 |
|
|a Jordan, Edward C.
|q (Edward Conrad)
|9 20266
|
| 245 |
1 |
0 |
|a Electromagnetic waves and radiating systems /
|c Edward C. Jordan and Keith G. Balmain.
|
| 250 |
|
|
|a Second edition.
|
| 260 |
|
|
|a Englewood Cliffs, N.J.:
|a New Delhi :
|b PHI learning Pvt. Ltd.,
|c c1968 [reprinted 2008, 2009].
|
| 300 |
|
|
|a xiii, 753 p.:
|b illus.;
|c 24 cm
|
| 490 |
0 |
|
|a Prentice-Hall electrical engineering series
|
| 504 |
|
|
|a Includes bibliographical references.
|
| 526 |
|
|
|a MNS
EEE
|x Mahabobe Shobahani
Faculty Member of BRAC University
Course Name : Microwave Engineering (ECE 320)
Md. Sayeed Salam
Department of Electrical and Electronic Engineering
BRAC University
Course Name : Microwave Engineering (EEE 345)
|
| 541 |
1 |
|
|a Essence Science Publications
Zeenat book supply limited
|e 17402, 17403, 19434
|
| 650 |
|
0 |
|a Electrical engineering.
|9 20267
|
| 700 |
1 |
|
|a Balmain, Keith George,
|e joint author.
|9 20268
|
| 852 |
4 |
|
|a Ayesha Abed Library
|c General Stacks
|
| 942 |
|
|
|2 ddc
|c BK
|
| 999 |
|
|
|c 4700
|d 4700
|
| 952 |
|
|
|0 0
|1 0
|2 ddc
|4 0
|6 621_300000000000000_JOR
|7 0
|9 4488
|a BRACUL
|b BRACUL
|c GEN
|d 2009-10-17
|e Paragon
|g 385.00
|l 2
|m 16
|o 621.3 JOR
|p 3010019434
|r 2017-09-20
|s 2014-11-07
|t 4
|v 770.00
|w 2009-10-19
|y BK
|
| 952 |
|
|
|0 0
|1 0
|2 ddc
|4 0
|6 621_300000000000000_JOR
|7 0
|9 4489
|a BRACUL
|b BRACUL
|c GEN
|d 2009-10-17
|e Paragon
|g 385.00
|l 0
|o 621.3 JOR
|p 3010019435
|r 2009-10-19
|t 5
|v 770.00
|w 2009-10-19
|y BK
|
| 952 |
|
|
|0 0
|1 0
|2 ddc
|4 0
|6 621_300000000000000_JOR
|7 0
|9 59510
|a BRACUL
|b BRACUL
|c GEN
|d 2016-08-07
|e Zeenat book supply limited
|g 450.00
|l 1
|o 621.3 JOR
|p 3010019624
|r 2023-02-19
|s 2023-02-12
|t 6
|w 2016-08-07
|y BK
|x Requisitioned by Md. Sayeed Salam for the course named- "Microwave Engineering (EEE 345)".
|
| 952 |
|
|
|0 0
|1 0
|2 ddc
|4 0
|6 621_300000000000000_JOR
|7 0
|9 59511
|a BRACUL
|b BRACUL
|c GEN
|d 2016-08-07
|e Zeenat book supply limited
|g 450.00
|l 0
|o 621.3 JOR
|p 3010019625
|r 2016-08-07
|t 7
|w 2016-08-07
|y BK
|x Requisitioned by Md. Sayeed Salam for the course named- "Microwave Engineering (EEE 345)".
|
| 952 |
|
|
|0 0
|1 0
|2 ddc
|4 0
|6 621_300000000000000_JOR
|7 0
|9 59512
|a BRACUL
|b BRACUL
|c GEN
|d 2016-08-07
|l 3
|m 40
|o 621.3 JOR
|p 3010013824
|r 2021-12-28
|s 2019-09-16
|t 1
|w 2016-08-07
|y BK
|
| 952 |
|
|
|0 0
|1 0
|2 ddc
|4 0
|6 621_300000000000000_JOR
|7 0
|9 59513
|a BRACUL
|b BRACUL
|c GEN
|d 2016-08-07
|e Essence Science Publications
|g 420.00
|l 0
|o 621.3 JOR
|p 3010017403
|r 2016-08-07
|t 3
|w 2016-08-07
|y BK
|x Requisitioned by Mahabobe Shobahani for the course named- "Microwave Engineering (ECE 320)".
|
| 952 |
|
|
|0 0
|1 0
|2 ddc
|4 0
|6 621_300000000000000_JOR
|7 0
|9 59514
|a BRACUL
|b BRACUL
|c GEN
|d 2016-08-07
|e Essence Science Publications
|g 420.00
|l 1
|o 621.3 JOR
|p 3010017402
|r 2022-09-08
|s 2022-09-01
|t 2
|w 2016-08-07
|y BK
|x Requisitioned by Mahabobe Shobahani for the course named- "Microwave Engineering (ECE 320)".
|